Atlanta (Record no. 236248)

MARC details
000 -LEADER
fixed length control field 00285pam a2200133 a 4500
020 ## - INTERNATIONAL STANDARD BOOK NUMBER
Terms of availability
041 ## - LANGUAGE CODE
Language code of original
082 ## - DEWEY DECIMAL CLASSIFICATION NUMBER
Classification number 778
Item number HOL
245 ## - TITLE STATEMENT
Title Atlanta
Remainder of title Atlanta
Medium Textual Documents
250 ## - EDITION STATEMENT
Edition statement 1986.
260 ## - PUBLICATION, DISTRIBUTION, ETC.
Place of publication, distribution, etc. [s.l]:
Name of publisher, distributor, etc. Cities in colour Inc.
300 ## - PHYSICAL DESCRIPTION
Extent 64:
Other physical details paper.
930 ## - EQUIVALENCE OR CROSS-REFERENCE-UNIFORM TITLE HEADING [LOCAL, CANADA]
Uniform title 2458
Holdings
Withdrawn status Lost status Damaged status Not for loan Collection Home library Current library Date acquired Source of acquisition Cost, normal purchase price Total Checkouts Full call number Barcode Date last seen Copy number Price effective from Koha item type
          College of Fine Arts, Pune College of Fine Arts, Pune 15/06/2016 Bhararti Sahakari Grahak Bhandar 199.00   778 HOL FAP-2458 07/03/2023 1 07/03/2023 Book